048_ Personnalités nées un 17 février par images - Statistiques

Statistiques générales
  • Ce quiz a été pris 38 fois
  • Le résultat moyen est 4 sur 9
Statistiques - réponses
Par images Hint Réponse % Correct
Chanteur Ed Sheeran
97%
Judoka David Douillet
86%
Basketteur Michael Jordan
75%
Femme d'affaires et Mannequine Paris Hilton
56%
Pilote de moto Marc Márquez
39%
Actrice Bonnie Wright
17%
Acteur Jeremy Allen White
14%
Réalisateur Michael Bay
11%
Chimiste Sophie Berthelot
6%
Aucun quiz correspondant
Distribution des résultats
% des personnes avec chaque résultat
Percentile par nombre de réponses
Votre historique - résultats
Vous n’avez pas pris ce quiz